000 00911na a2200289 4500
001 16026
003 MIRAKIL
005 20181213155029.0
008 161013b tu 000 0
020 _a9786051067469
035 _a16026
040 _aMilas
_btur
_cTR-AnCHP
041 _atur
082 _a927 Şoray,T
_bT96 2013
090 _a927 Şoray,T T96 2013
245 _aTürkan sultan'a armağan
_cFotoğraflar Atilla Dorsay ; Yazılar Türker İnanoğlu ...[ve öte.] ; Genel Yayın Yönetmeni M. Faruk Bayrak
260 _aİstanbul
_bAlfa
_c2013
300 _a136 s.
_bftg.
_c23 sm.
500 _aYapıt yazarından imzalıdır
600 _aŞoray, Türkan
_xArmağan kitaplar
650 _aSinema oyuncuları
_xYaşamöyküsü
_zTürkiye
650 _aTürk sanatçılar
700 _aBayrak, M. Faruk
700 _aİnanoğlu, Türker
700 _aDorsay, Atilla
942 _2dcc
_cBKS
999 _c5143
_d5143